Rajnaitik tattwa / (Record no. 6303)

MARC details
000 -LEADER
fixed length control field 00525cam a2200205ua 4500
005 - DATE AND TIME OF LATEST TRANSACTION
control field 20201224141537.0
008 - FIXED-LENGTH DATA ELEMENTS--GENERAL INFORMATION
fixed length control field 141127n ii |||gr||||Z||||||asm
020 ## - INTERNATIONAL STANDARD BOOK NUMBER
International Standard Book Number 9788192226514
040 ## - CATALOGING SOURCE
Transcribing agency MAIN
Original cataloging agency IN-DiNC
041 ## - LANGUAGE CODE
Language code of sung or spoken text Assamese
082 ## - DEWEY DECIMAL CLASSIFICATION NUMBER
Classification number 320.5
Item number HAT
100 ## - MAIN ENTRY--PERSONAL NAME
Personal name Hatiboruah, Diganta,
Relator term Author
245 1# - TITLE STATEMENT
Title Rajnaitik tattwa /
Statement of responsibility, etc. By Diganta Hatiboruah
250 ## - EDITION STATEMENT
Edition statement 2nd rev.
260 ## - PUBLICATION, DISTRIBUTION, ETC.
Place of publication, distribution, etc. Golaghat:
Name of publisher, distributor, etc. Saraswati,
Date of publication, distribution, etc. 2013.
300 ## - PHYSICAL DESCRIPTION
Extent 240p.
650 ## - SUBJECT ADDED ENTRY--TOPICAL TERM
Topical term or geographic name entry element Political theory
942 ## - ADDED ENTRY ELEMENTS (KOHA)
Koha item type Books
Source of classification or shelving scheme Dewey Decimal Classification
653 ## - INDEX TERM--UNCONTROLLED
Uncontrolled term Political theory
Holdings
Withdrawn status Lost status Damaged status Not for loan Home library Current library Shelving location Date acquired Total Checkouts Full call number Barcode Date last seen Date last checked out Copy number Price effective from Koha item type Source of classification or shelving scheme Collection code Cost, normal purchase price Date due
        Central Library, Naharkatiya College Central Library, Naharkatiya College General Stacks 19/09/2020 5 320.5 | HAT 22127 13/11/2023 29/01/2022 1 19/09/2020 Books        
        Central Library, Naharkatiya College Central Library, Naharkatiya College General Stacks 24/12/2020 3 320.5 HAT 22125 29/01/2022 29/01/2022 2 24/12/2020 Books Dewey Decimal Classification Political Science 130.00 13/02/2022
        Central Library, Naharkatiya College Central Library, Naharkatiya College General Stacks 24/12/2020 2 320.5 HAT 22126 21/12/2021 21/12/2021 3 24/12/2020 Books Dewey Decimal Classification Political Science 130.00 06/01/2022
        Central Library, Naharkatiya College Central Library, Naharkatiya College General Stacks 24/12/2020 3 320.5 HAT 22128 08/02/2022 23/12/2021 4 24/12/2020 Books Dewey Decimal Classification Political Science 130.00  

Naharkatiya College © 2020. All rights reserved.

Powered By